| 000 | 00686nam a2200205Ia 4500 | ||
|---|---|---|---|
| 003 | IN-BaIIA | ||
| 008 | 211028s9999 xx 000 0 eng d | ||
| 020 | _a978-1-4614-8765-4 | ||
| 040 | _cIIA Library | ||
| 080 |
_a52 _bEAG |
||
| 100 |
_aEagle, Dave _936201 |
||
| 245 | 0 |
_aFrom casual stargazer to amateur astronomer _bhow to advance to the next level. _cDave Eagle |
|
| 260 |
_aNew York _bSpringer _c2014 |
||
| 300 | _axvi, 258p. | ||
| 490 | _aThe patrick moore practical astronomy series | ||
| 650 | _aAstronomy - Amateurs' manuals | ||
| 650 |
_aAstronomy, Observations and Techniques _932107 |
||
| 650 |
_aPopular Science in Astronomy;Science / Astronomy _936202 |
||
| 942 | _cBK | ||
| 999 |
_c18959 _d18959 |
||